书目信息 |
| 题名: |
县级图书馆生存发展启示录
|
|
| 作者: | ;中国图书馆学会 编 | |
| 分册: | ||
| 出版信息: | 北京 北京图书馆出版社 2006.07 |
|
| 页数: | 415页 | |
| 开本: | 26cm | |
| 丛书名: | ||
| 单 册: | ||
| 中图分类: | G259.252.2 | |
| 科图分类: | ||
| 主题词: | 县级图书馆--xian ji tu shu guan--图书馆工作--中国--文集 | |
| 电子资源: | ||
| ISBN: | 7-5013-3006-9 | |
| 000 | 00882nam0 2200229 450 | |
| 001 | 012010512828 | |
| 005 | 20100106170732.20 | |
| 010 | @a7-5013-3006-9@dCNY60.00 | |
| 100 | @a20100106d2006 em y0chiy0120 ea | |
| 101 | 0 | @achi |
| 102 | @aCN@b110000 | |
| 105 | @ak z 000yy | |
| 106 | @ar | |
| 200 | 1 | @a县级图书馆生存发展启示录@Axian ji tu shu guan sheng cun fa zhan qi shi lu@f中国图书馆学会编@Fzhong guo tu shu guan xue hui bian |
| 210 | @a北京@c北京图书馆出版社@d2006.07 | |
| 215 | @a415页@d26cm | |
| 330 | @a本书共选优秀论文百余篇,内容涉及县级图书馆自下而上现状与发展前景;文献资源建设;服务对象与服务模式;自动化、数字化、网络化等。 | |
| 606 | 0 | @a县级图书馆@Axian ji tu shu guan@x图书馆工作@y中国@j文集 |
| 690 | @aG259.252.2@v4 | |
| 711 | 02 | @a中国图书馆学会@Azhong guo tu shu guan xue hui@4编 |
| 801 | 0 | @aCN@bQSSK@c20100106 |
| 905 | @b771744-45@dG259.252.2@eZ657@f2 | |
| 县级图书馆生存发展启示录/中国图书馆学会编.-北京:北京图书馆出版社,2006.07 |
| 415页;26cm |
| ISBN 7-5013-3006-9:CNY60.00 |
| 本书共选优秀论文百余篇,内容涉及县级图书馆自下而上现状与发展前景;文献资源建设;服务对象与服务模式;自动化、数字化、网络化等。 |
| ● |
| 相关链接 |
|
|
|
正题名:县级图书馆生存发展启示录
索取号:G259.252.2/Z657
 
预约/预借
| 序号 | 登录号 | 条形码 | 馆藏地/架位号 | 状态 | 备注 |
| 1 | 771744 | 207717443 | 社科库409/409社科库 60排1列5层/ [索取号:G259.252.2/Z657] | 在馆 | |
| 2 | 771745 | 207717452 | 社科库409/409社科库 60排1列4层/ [索取号:G259.252.2/Z657] | 在馆 |